000 00861nam a2200205Ii 4500
003 JO-AjNU
008 230605s9999||||xx |||||||||||||| ||und||
040 _aJO-AjNU
_bara
_erda
_cJO-AjNU
041 _aara
050 1 4 _aBP137.758.S226 1973
100 3 _aالصدر، محمد باقر,
_eauthor
_957215
245 0 0 _aالبنك اللاربوي في الإسلام: أطروحة للتعويض عن الربا ودراسة لكافة أوجه نشاطات البنوك في ضوء الفقه الإسلامي
250 _aط2
264 3 1 _aبيروت: دار الكتاب اللبناني، 1973
300 _a248ص
336 _atext
_btxt
_2rdacontent
337 _aunmediated
_bn
_2rdamedia
338 _avolume
_bnc
_2rdacarrier
650 4 _aالبنوك الاسلامية- الاقتصاد الاسلامي- الربا- فقه اسلامي
_957216
999 _aA25625
_c29193
_d29193